| 000 | 00562cam a2200229 4500 | ||
|---|---|---|---|
| 001 | B1072 | ||
| 008 | 090401t xxu||||| |||| 00| 0 eng d | ||
| 035 | _a(Sirsi) u42436 | ||
| 041 | _aeng | ||
| 050 | _a333.337 | ||
| 110 |
_aDebenham Tewson and Chinnocks _93135 |
||
| 245 | _aOffice rent and rates, 1973-1981 | ||
| 250 | _a1981 | ||
| 260 |
_aDTC _cLondon: |
||
| 300 | _a18p. ; 30cm. | ||
| 350 | _a0 | ||
| 520 | _aInserted inside back cover: October 1981 update. | ||
| 650 | _aOFFICES | ||
| 650 | _aRATES AND RATING | ||
| 942 | _n0 | ||
| 948 | _c04/03/1997 | ||
| 999 |
_c91116 _d91116 |
||